header

Educational opportunities in integrative medicine (Record no. 37698)

MARC details
000 -LEADER
fixed length control field 01213nam a2200301Ia 4500
100 1# - MAIN ENTRY--AUTHOR NAME
Personal name Wengell, Douglas.
245 10 - TITLE STATEMENT
Title Educational opportunities in integrative medicine
250 ## - EDITION STATEMENT
Edition statement 1st ed.
260 ## - PUBLICATION, DISTRIBUTION, ETC. (IMPRINT)
Place of publication Altanta, GA :
Name of publisher Hunter Press,
Year of publication 2008.
300 ## - PHYSICAL DESCRIPTION
Number of Pages xix, 291 p. :
Other physical details ill.
650 #0 - SUBJECT ADDED ENTRY--TOPICAL TERM
Topical Term Alternative medicine
Topical Term Integrative medicine
856 40 - ELECTRONIC LOCATION AND ACCESS
Uniform Resource Identifier http://site.ebrary.com/lib/rucke/Doc?id=10237072

No items available.

© 2026 Rongo University
Contact us: librarian | system librarian | Rongo university